000 00400nam a2200109Ia 4500
008 160909s9999 xx 000 0 und d
100 _aAlharbi, Eman
245 _aCharacterize the Difficulties that International Computer Science Students Face
260 _bUniversity of Colorado at Colorado Springs
_c2016
650 _aEDUC/SPED
856 _uhttp://pqdtopen.proquest.com/doc/1786281280.html?FMT=ABS
999 _c305017
_d305017